El Suelo, recurso estratégico para el desarrollo urbano
保存先:
| 第一著者: | |
|---|---|
| フォーマット: | テキスト |
| 出版事項: |
México, D.F.:
Universidad Autónoma del Estado de México. UAEM
|
| タグ: |
タグ追加
タグなし, このレコードへの初めてのタグを付けませんか!
|
MARC
| LEADER | 00000 a a2200000 04500 | ||
|---|---|---|---|
| 001 | 22188 | ||
| 003 | |||
| 040 | |||
| 020 | |a 968-514-019-7 | ||
| 090 | |a 150400 | ||
| 100 | |a Iracheta C., Alfonso X. | ||
| 245 | |a El Suelo, recurso estratégico para el desarrollo urbano | ||
| 260 | |a México, D.F.: |b Universidad Autónoma del Estado de México. UAEM | ||
| 300 | |a 503 p |b **no definido** | ||
| 999 | |c 16162 |d 16162 | ||



